El Palau Güell per a les escoles : setembre 2017 - juny 2018 setembre 2017 - juny 2018
Descripción Física:
26 pàgines : il·lustracions ; 21 cm
Idioma:
Catalán
MARC
| LEADER | 00000nam a2200000 a 4500 | ||
|---|---|---|---|
| 001 | 25613 | ||
| 008 | 220524b spa||||| |||| 00| 0 cat d | ||
| 017 | |a DL B 22583-2017 |a DL B 17363-2017 | ||
| 080 | |a FU-69-60 | ||
| 245 | 0 | 3 | |a El Palau Güell per a les escoles : |b setembre 2017 - juny 2018 |
| 246 | 3 | 3 | |a El Palau Güell, d'Antoni Gaudí, per a les escoles |
| 260 | |a Barcelona : |b Palau Güell, |c 2017 | ||
| 300 | |a 26 pàgines : |b il·lustracions ; |c 21 cm | ||
| 610 | 2 | 0 | |a Palau Güell (Barcelona) |9 17034 |
| 650 | 0 | |2 Arxiu |9 43699 |a Educació primària | |
| 650 | 0 | |2 Arxiu |9 21974 |a Educació secundària obligatòria | |
| 710 | 2 | |a Palau Güell (Barcelona) |9 17034 | |
| 942 | |2 udc |c ARXIU |n 1 | ||
| 952 | |0 0 |1 0 |4 0 |6 FU6960 |7 1 |9 61997 |a Arxiu |b Arxiu |d 2022-05-24 |l 0 |o FU-69-60 |p 25613 |r 2022-05-24 00:00:00 |w 2022-05-24 |y ARXIU | ||
| 952 | |0 0 |1 0 |4 0 |6 PDL |7 0 |9 62003 |a Arxiu |b Arxiu |d 2022-05-24 |o PDL |p 25619 |r 2022-05-24 00:00:00 |w 2022-05-24 |y ARXIU | ||
| 999 | |c 81716 |d 81716 | ||